[Event "2. Bundesliga West 2006/2007"]
[Site "Lustenau"]
[Date "2007.03.02"]
[Round "9.2"]
[White "Meier, Alexander"]
[Black "Fröwis, Georg"]
[Result "1/2-1/2"]
[WhiteElo "2173"]
[BlackElo "2162"]
[PlyCount "128"]
[EventDate "2006.10.21"]
[SourceDate "2006.10.21"]

1. e4 e6 2. d4 d5 3. exd5 exd5 4. Nc3 Bb4 5. Bd2 Ne7 6. Bd3 Nbc6 7. Nge2 Be6 8.
a3 Bxc3 9. Bxc3 Qd7 10. Qd2 Bf5 11. O-O-O Bxd3 12. Qxd3 O-O-O 13. Ng3 Rhe8 14.
Rhe1 Ng6 15. Qf5 f6 16. Qxd7+ Kxd7 17. Nf5 Rxe1 18. Rxe1 Rg8 19. Bd2 Nge7 20.
Nxe7 Nxe7 21. g3 c6 22. b3 Nf5 23. Be3 b5 24. f3 Re8 25. Kd2 a5 26. Kd3 a4 27.
Bd2 Ra8 28. Bb4 h5 29. h3 Rh8 30. bxa4 bxa4 31. g4 hxg4 32. hxg4 Nd6 33. Bxd6
Kxd6 34. Rb1 Rh3 35. Ke3 g5 36. Rb4 f5 37. gxf5 g4 38. Ke2 Rxf3 39. Rxa4 Rxf5
40. Ra7 g3 41. Rg7 Rf2+ 42. Ke3 Rxc2 43. Rxg3 Kc7 44. Kf4 Rd2 45. Ke3 Rd1 46.
Rg7+ Kb6 47. Rg8 Rh1 48. Rb8+ Kc7 49. Ra8 Rh3+ 50. Kd2 Kb7 51. Ra4 Kb6 52. Kc2
Rh4 53. Kc3 Kc7 54. Ra7+ Kd6 55. a4 Rh3+ 56. Kc2 Ra3 57. a5 Ke6 58. Rc7 Kd6 59.
Ra7 Rh3 60. Kd2 Rg3 61. Kc2 Rg2+ 62. Kc3 Rg1 63. Kd2 Rg3 64. Kc2 Ra3 1/2-1/2

[Event "2. Bundesliga West 2006/2007"]
[Site "Lustenau"]
[Date "2007.03.02"]
[Round "9.2"]
[White "Mrsic, Robert"]
[Black "Karrer, Georg"]
[Result "1/2-1/2"]
[WhiteElo "1965"]
[BlackElo "2125"]
[PlyCount "24"]
[EventDate "2006.10.21"]
[SourceDate "2006.10.21"]

1. e4 c5 2. Nf3 d6 3. Bb5+ Bd7 4. Bxd7+ Nxd7 5. O-O g6 6. c3 Ngf6 7. Qe2 Bg7 8.
h3 O-O 9. d3 Qc7 10. Na3 a6 11. Bg5 e5 12. Nc2 Qc6 1/2-1/2

[Event "2. Bundesliga West 2006/2007"]
[Site "Lustenau"]
[Date "2007.03.02"]
[Round "9.3"]
[White "Grafl, Florian"]
[Black "Novkovic, Julia"]
[Result "1-0"]
[WhiteElo "2413"]
[BlackElo "2158"]
[PlyCount "51"]
[EventDate "2006.10.21"]
[SourceDate "2006.10.21"]

1. e4 e5 2. f4 exf4 3. Be2 d5 4. exd5 Nf6 5. Nf3 Nxd5 6. c4 Nb6 7. d4 g5 8. h4
g4 9. Ne5 Nc6 10. Nxc6 bxc6 11. Bxf4 Bg7 12. Nc3 Qe7 13. c5 Nd5 14. Nxd5 cxd5
15. Qd2 Ba6 16. O-O-O Bxe2 17. Rde1 O-O 18. Rxe2 Qd7 19. Bh6 Rae8 20. Bxg7 Rxe2
21. Qg5 f6 22. Bxf6+ Kf7 23. Qh5+ Kxf6 24. Rf1+ Ke7 25. Qxh7+ Ke6 26. Qg6+ 1-0

[Event "2. Bundesliga West 2006/2007"]
[Site "Lustenau"]
[Date "2007.03.02"]
[Round "9.3"]
[White "Kanonier, Clemens"]
[Black "Pitl, Gregory"]
[Result "0-1"]
[WhiteElo "2049"]
[BlackElo "2330"]
[PlyCount "82"]
[EventDate "2006.10.21"]
[SourceDate "2006.10.21"]

1. e4 c5 2. Nf3 d6 3. d4 cxd4 4. Nxd4 Nf6 5. Nc3 Nc6 6. f3 e5 7. Nb3 Be6 8. Be3
Be7 9. Qd2 O-O 10. O-O-O a5 11. Bb5 Na7 12. a4 Qc8 13. Bxa7 Rxa7 14. Qf2 Ra8
15. g4 Qc7 16. h4 Kh8 17. Kb1 Rac8 18. Rh2 Rfd8 19. Nd5 Bxd5 20. exd5 Rf8 21.
Rg2 Ng8 22. Bd3 Qd7 23. Bf5 Qxa4 24. Bxc8 Rxc8 25. Qb6 Qf4 26. Nd2 a4 27. Qxb7
Rc5 28. Re2 f5 29. gxf5 Qxf5 30. Re4 Bxh4 31. Qa8 Bg5 32. Nc4 Qxf3 33. Rde1 Qf6
34. Nb6 Qf2 35. R4e2 Qf3 36. Re4 Bd2 37. R1e2 Ra5 38. Qd8 a3 39. Nc4 a2+ 40.
Ka1 Qf1+ 41. Re1 Bxe1 0-1

[Event "2. Bundesliga West 2006/2007"]
[Site "Lustenau"]
[Date "2007.03.02"]
[Round "9.3"]
[White "Hager, Franz"]
[Black "Natter, Markus"]
[Result "1-0"]
[WhiteElo "2237"]
[BlackElo "2102"]
[PlyCount "65"]
[EventDate "2006.10.21"]
[SourceDate "2006.10.21"]

1. d4 f5 2. g3 Nf6 3. Bg2 g6 4. Nf3 Bg7 5. O-O O-O 6. Nbd2 d6 7. c3 Nc6 8. Qb3+
e6 9. Ng5 d5 10. f3 h6 11. Nh3 g5 12. e4 Ne7 13. e5 Ne8 14. a4 a5 15. Qc2 c6
16. b4 b6 17. Nb3 Ba6 18. Rf2 Bc4 19. bxa5 Bxb3 20. Qxb3 bxa5 21. Ba3 Rf7 22.
Rb1 Nc8 23. Rfb2 Qc7 24. Nf2 Bf8 25. Bxf8 Kxf8 26. Nd3 Re7 27. Nc5 Kf7 28. Qc2
Ra7 29. g4 Ng7 30. Bh3 Kg8 31. gxf5 exf5 32. Bxf5 Rf7 33. Bxc8 1-0

[Event "2. Bundesliga West 2006/2007"]
[Site "Lustenau"]
[Date "2007.03.02"]
[Round "9.3"]
[White "Klocker, Benedikt"]
[Black "Marchhart, Matthias"]
[Result "1/2-1/2"]
[WhiteElo "1959"]
[BlackElo "2123"]
[PlyCount "85"]
[EventDate "2006.10.21"]
[SourceDate "2006.10.21"]

1. e4 c5 2. Nf3 Nc6 3. d4 cxd4 4. Nxd4 Nf6 5. Nc3 e5 6. Ndb5 d6 7. Bg5 a6 8.
Bxf6 gxf6 9. Na3 b5 10. Nd5 f5 11. Bd3 Be6 12. O-O Bg7 13. Qh5 f4 14. c4 b4 15.
Nc2 a5 16. Rad1 Ra7 17. c5 dxc5 18. Bb5 Qc8 19. Qg5 O-O 20. Bxc6 Qxc6 21. Ne7+
Rxe7 22. Qxe7 Qxe4 23. Qxc5 Rc8 24. Qxc8+ Bxc8 25. Rd8+ Bf8 26. Rxc8 Qf5 27.
Rc4 Qd3 28. b3 f5 29. Re1 e4 30. Nd4 Qd2 31. Kf1 e3 32. fxe3 fxe3 33. Re2 Qd3
34. Nc2 Bh6 35. Rc8+ Kf7 36. Rc5 Qd1+ 37. Ne1 a4 38. Rxf5+ Kg6 39. Rb5 axb3 40.
Rxb4 bxa2 41. Rb6+ Kf7 42. Rxa2 Bf8 43. Rb7+ 1/2-1/2

[Event "2. Bundesliga West 2006/2007"]
[Site "Lustenau"]
[Date "2007.03.02"]
[Round "9.3"]
[White "Schiner, Hartmut"]
[Black "Klocker, Daniel"]
[Result "1/2-1/2"]
[WhiteElo "2125"]
[BlackElo "1938"]
[PlyCount "109"]
[EventDate "2006.10.21"]
[SourceDate "2006.10.21"]

1. e4 e5 2. Nf3 Nf6 3. Nxe5 d6 4. Nf3 Nxe4 5. Nc3 Nxc3 6. dxc3 Be7 7. Bf4 Nc6
8. Qd2 O-O 9. O-O-O Bf5 10. Bd3 Qd7 11. h3 Bf6 12. g4 Bxd3 13. Qxd3 Rfe8 14.
Rde1 Rxe1+ 15. Rxe1 Re8 16. Rxe8+ Qxe8 17. Qe3 Kf8 18. Qxe8+ Kxe8 19. Ng5 Bxg5
20. Bxg5 Ne5 21. Be3 Kd7 22. f4 Nc4 23. Bd4 g6 24. b3 Na5 25. f5 gxf5 26. gxf5
Ke7 27. Kd2 Nc6 28. Ke3 Ne5 29. Kf4 Kf6 30. Bxa7 c5 31. Bb6 Nc6 32. a4 Ke7 33.
Ke4 Kd7 34. a5 f6 35. b4 cxb4 36. cxb4 Nxb4 37. Bd4 d5+ 38. Kf4 Nxc2 39. Bxf6
Na3 40. Ke5 Nc4+ 41. Kxd5 Nxa5 42. Kc5 Nc6 43. Kb6 Ne7 44. Kxb7 Nxf5 45. Kb6
Ke6 46. Bg5 h5 47. Kc5 Ke5 48. Kc4 Ke4 49. Kc3 Kf3 50. Kd3 Ng3 51. Bd8 Ne2 52.
Kd2 Nf4 53. h4 Ng2 54. Be7 Kg4 55. Ke2 1/2-1/2

[Event "2. Bundesliga West 2006/2007"]
[Site "Lustenau"]
[Date "2007.03.02"]
[Round "9.3"]
[White "Ladenhauf, Gideon"]
[Black "Durakovic, Alman"]
[Result "0-1"]
[WhiteElo "1820"]
[BlackElo "2118"]
[PlyCount "76"]
[EventDate "2006.10.21"]
[SourceDate "2006.10.21"]

1. d4 Nf6 2. c4 c5 3. d5 e6 4. Nc3 exd5 5. cxd5 d6 6. e4 g6 7. Bd3 Bg7 8. Nge2
O-O 9. O-O Na6 10. a3 Nc7 11. Ng3 Rb8 12. Bd2 b5 13. b3 a5 14. a4 b4 15. Nce2
Ng4 16. Rc1 h5 17. Nf4 h4 18. Nge2 Ne5 19. Bb1 h3 20. Nxh3 Bxh3 21. gxh3 Nf3+
22. Kg2 Nxd2 23. Qxd2 Qh4 24. Qd3 Rbe8 25. Ng1 f5 26. Nf3 Qxe4 27. Qxe4 fxe4
28. Nd2 Bh6 29. Rcd1 e3 30. fxe3 Nxd5 31. Rxf8+ Rxf8 32. Nc4 Nc3 33. Rxd6 Nxb1
34. Rxg6+ Kh7 35. Rc6 Na3 36. Nxa5 Bxe3 37. Nb7 c4 38. Re6 cxb3 0-1

[Event "2. Bundesliga West 2006/2007"]
[Site "Lustenau"]
[Date "2007.03.02"]
[Round "9.4"]
[White "Tischbierek, Raj"]
[Black "Medvegy, Zoltan"]
[Result "1/2-1/2"]
[WhiteElo "2471"]
[BlackElo "2433"]
[PlyCount "70"]
[EventDate "2006.10.21"]
[SourceDate "2006.10.21"]

1. e4 c6 2. d4 d5 3. Nc3 dxe4 4. Nxe4 Bf5 5. Ng3 Bg6 6. h4 h6 7. Nf3 Nd7 8. h5
Bh7 9. Bd3 Bxd3 10. Qxd3 e6 11. Bf4 Qa5+ 12. Bd2 Qa4 13. O-O Bd6 14. Ne4 Bc7
15. Rfe1 Ngf6 16. Nc3 Qa6 17. Qxa6 bxa6 18. Ne5 c5 19. Nxd7 Kxd7 20. dxc5 Nxh5
21. b4 Rab8 22. Rab1 Bf4 23. Red1 Ke7 24. Bxf4 Nxf4 25. g3 Ng6 26. Rd6 a5 27.
Ra6 Rxb4 28. Rxa7+ Kf6 29. Rxb4 axb4 30. Ne4+ Ke5 31. Nd6 Rf8 32. Nxf7+ Kd5 33.
Nd6 Ne5 34. Nb5 Kxc5 35. a4 bxa3 1/2-1/2

[Event "2. Bundesliga West 2006/2007"]
[Site "Lustenau"]
[Date "2007.03.02"]
[Round "9.4"]
[White "Dovzik, Juri"]
[Black "Schmidt, Georg"]
[Result "0-1"]
[WhiteElo "2406"]
[BlackElo "2335"]
[PlyCount "106"]
[EventDate "2006.10.21"]
[SourceDate "2006.10.21"]

1. d4 e6 2. Nf3 Nf6 3. g3 c5 4. Bg2 cxd4 5. Nxd4 a6 6. e4 Qc7 7. O-O Nc6 8. Nc3
Bb4 9. Re1 h5 10. Nxc6 dxc6 11. e5 Nd5 12. Qd4 Qb6 13. Qd3 Nxc3 14. bxc3 Bc5
15. Rd1 Bxf2+ 16. Kh1 Qc7 17. Ba3 h4 18. Bd6 hxg3 19. h3 Qd8 20. Rab1 b5 21.
Bxc6+ Bd7 22. Qe4 Rc8 23. Bxd7+ Qxd7 24. Kg2 Qc6 25. Qxc6+ Rxc6 26. Rd3 Rh4 27.
Rbd1 Rc8 28. Bb4 Rhc4 29. h4 Bc5 30. Rxg3 Bxb4 31. cxb4 Rxc2+ 32. Kh3 R8c3 33.
Rd6 Rxg3+ 34. Kxg3 Rxa2 35. h5 Ra3+ 36. Kg4 Ra4 37. Kg5 Ra1 38. Rb6 Rh1 39.
Rb8+ Kd7 40. Rg8 Rg1+ 41. Kf4 Kc6 42. Ra8 Kd5 43. Rd8+ Kc4 44. Ra8 Kxb4 45.
Rxa6 Kc3 46. Ra3+ Kb2 47. Rf3 b4 48. Ke3 Rg5 49. Rxf7 Rxe5+ 50. Kd4 Rxh5 51.
Rxg7 b3 52. Rg2+ Ka3 53. Rg8 b2 0-1

[Event "2. Bundesliga West 2006/2007"]
[Site "Lustenau"]
[Date "2007.03.02"]
[Round "9.4"]
[White "Sprotte, Norbert"]
[Black "Webersberger, Johann"]
[Result "1/2-1/2"]
[WhiteElo "2260"]
[BlackElo "2264"]
[PlyCount "26"]
[EventDate "2006.10.21"]
[SourceDate "2006.10.21"]

1. d4 g6 2. Nf3 Bg7 3. Bf4 c5 4. e3 cxd4 5. exd4 d5 6. c3 Nc6 7. h3 Nf6 8. Bd3
O-O 9. O-O Bf5 10. Bxf5 gxf5 11. Nbd2 e6 12. Ne5 Nd7 13. Nxd7 Qxd7 1/2-1/2

[Event "2. Bundesliga West 2006/2007"]
[Site "Lustenau"]
[Date "2007.03.02"]
[Round "9.4"]
[White "Zoister, Stefan"]
[Black "Opl, Klaus"]
[Result "0-1"]
[WhiteElo "2229"]
[BlackElo "2324"]
[PlyCount "82"]
[EventDate "2006.10.21"]
[SourceDate "2006.10.21"]

1. e4 e5 2. f4 exf4 3. Nf3 g5 4. h4 g4 5. Ne5 Nf6 6. Bc4 d5 7. exd5 Bg7 8. d4
O-O 9. Bxf4 Nh5 10. Qd2 c5 11. c3 cxd4 12. cxd4 Nd7 13. Nc3 Nxf4 14. Qxf4 Nxe5
15. dxe5 Bxe5 16. Qg5+ Qxg5 17. hxg5 Bf5 18. O-O Bg6 19. Rad1 Rac8 20. Bb3 Rfd8
21. Rfe1 Bf4 22. Rd4 Bxg5 23. Rxg4 Bf6 24. Rf4 Kg7 25. Rc4 Rxc4 26. Bxc4 Rc8
27. Bb3 Kf8 28. Kf2 Bd4+ 29. Kf3 Bxc3 30. Rc1 Ke7 31. bxc3 Kd6 32. c4 b5 33.
Kf4 Bd3 34. c5+ Rxc5 35. Rxc5 Kxc5 36. Ke5 Bc4 37. d6 f6+ 38. Kxf6 Kxd6 39. Bc2
Bxa2 40. Bxh7 a5 41. g4 a4 0-1

[Event "2. Bundesliga West 2006/2007"]
[Site "Lustenau"]
[Date "2007.03.02"]
[Round "9.4"]
[White "Peterwagner, Heinz"]
[Black "Bensch, Patrick"]
[Result "1/2-1/2"]
[WhiteElo "2213"]
[BlackElo "2225"]
[PlyCount "27"]
[EventDate "2006.10.21"]
[SourceDate "2006.10.21"]

1. e4 c5 2. Nc3 Nc6 3. Nge2 e6 4. g3 d6 5. Bg2 Nf6 6. O-O Be7 7. d4 cxd4 8.
Nxd4 Bd7 9. Be3 O-O 10. Qe2 Nxd4 11. Bxd4 Bc6 12. Rad1 Qc7 13. Rd2 a6 14. Rfd1
1/2-1/2

[Event "2. Bundesliga West 2006/2007"]
[Site "Lustenau"]
[Date "2007.03.02"]
[Round "9.4"]
[White "Ager, Josef"]
[Black "Hamberger, Hermann"]
[Result "1/2-1/2"]
[WhiteElo "2213"]
[BlackElo "2086"]
[PlyCount "80"]
[EventDate "2006.10.21"]
[SourceDate "2006.10.21"]

1. d4 Nf6 2. Nf3 c5 3. d5 e6 4. Nc3 exd5 5. Nxd5 Nxd5 6. Qxd5 Nc6 7. e4 d6 8.
Bc4 Be6 9. Qd3 Qd7 10. O-O Be7 11. Bf4 Rd8 12. Rad1 O-O 13. c3 Qc8 14. Bd5 Bg4
15. h3 Bh5 16. Rd2 Kh8 17. Re1 Bg6 18. Qc4 Bh5 19. Nh2 a6 20. Be3 b5 21. Qf1
Bg6 22. g4 Bh4 23. Qg2 Ne5 24. b3 c4 25. b4 Nd3 26. Rf1 Bf6 27. Rc2 Be7 28. f4
f6 29. Nf3 Rde8 30. Nd4 Bd8 31. f5 Bf7 32. Ne6 Bxe6 33. Bxe6 Qb7 34. Bd5 Qb8
35. Kh2 Bb6 36. Re2 Bxe3 37. Rxe3 Qc7 38. Rg3 Qe7 39. g5 fxg5 40. Rxg5 Qe5+
1/2-1/2

[Event "2. Bundesliga West 2006/2007"]
[Site "Lustenau"]
[Date "2007.03.02"]
[Round "9.5"]
[White "Shchekachev, Andrei"]
[Black "Bezold, Michael"]
[Result "1-0"]
[WhiteElo "2593"]
[BlackElo "2535"]
[PlyCount "87"]
[EventDate "2006.10.21"]
[SourceDate "2006.10.21"]

1. Nf3 g6 2. e4 Bg7 3. d4 d6 4. Nc3 a6 5. Be3 e6 6. Bd3 Nd7 7. O-O Ne7 8. Ne2
b6 9. Qd2 h6 10. Ng3 Bb7 11. c4 c5 12. d5 exd5 13. exd5 b5 14. b3 Nb6 15. Rae1
Kf8 16. Bf4 b4 17. h4 Ng8 18. Ne4 Nc8 19. Qe3 Nge7 20. Nxd6 Nxd6 21. Qxc5 Nec8
22. Qxb4 g5 23. Bg3 Bf6 24. Bf5 a5 25. Qc5 Kg7 26. Bh3 Ra6 27. Ne5 Re8 28. hxg5
hxg5 29. Re3 Ne7 30. Nd7 Ndf5 31. Nxf6 Rxf6 32. Be5 Nxe3 33. Bxf6+ Kxf6 34.
fxe3+ Kg6 35. d6 Ng8 36. d7 Rf8 37. Qd6+ Kg7 38. Rf5 f6 39. Rb5 Be4 40. Qd4 Bg6
41. Rxg5 Nh6 42. Rc5 Qe7 43. Rc8 Nf7 44. c5 1-0

[Event "2. Bundesliga West 2006/2007"]
[Site "Lustenau"]
[Date "2007.03.02"]
[Round "9.5"]
[White "Drabke, Lorenz"]
[Black "Hecht, Hans Joachim"]
[Result "1-0"]
[WhiteElo "2407"]
[BlackElo "2400"]
[PlyCount "107"]
[EventDate "2006.10.21"]
[SourceDate "2006.10.21"]

1. e4 e6 2. d3 d5 3. Nd2 Nf6 4. Ngf3 Nc6 5. c3 a5 6. Be2 Be7 7. O-O O-O 8. b3
e5 9. Bb2 Be6 10. a3 Nd7 11. Qc2 dxe4 12. dxe4 Bc5 13. Nc4 Qf6 14. b4 Ba7 15.
Rad1 Rfd8 16. Bc1 h6 17. b5 Bxc4 18. Bxc4 Ne7 19. Ne1 Ng6 20. g3 Nc5 21. Rxd8+
Rxd8 22. Kg2 Ne6 23. Nf3 Bc5 24. Bd5 c6 25. bxc6 bxc6 26. Bc4 Qe7 27. a4 Qd6
28. Be2 Ba3 29. Be3 Bc5 30. Bc1 Ba3 31. Rd1 Qe7 32. Rxd8+ Nxd8 33. Be3 Bc5 34.
Bc1 Ba3 35. Be3 Bc5 36. Bd2 Qa7 37. Be1 Be7 38. Nd2 Ne6 39. Nc4 Bc5 40. Bg4
Nef8 41. Qd3 Qc7 42. Nd2 Nh7 43. Qd7 Qxd7 44. Bxd7 Ne7 45. Nb3 Bb6 46. f3 Nf6
47. Bh3 c5 48. Bf2 c4 49. Nd2 Bxf2 50. Kxf2 Kf8 51. Nxc4 Nc6 52. Bc8 Ke7 53.
Bb7 Nd8 54. Ba6 1-0

[Event "2. Bundesliga West 2006/2007"]
[Site "Lustenau"]
[Date "2007.03.02"]
[Round "9.5"]
[White "Grabher, Heinz"]
[Black "Ljubic, Juro"]
[Result "1-0"]
[WhiteElo "2261"]
[BlackElo "2169"]
[PlyCount "123"]
[EventDate "2006.10.21"]
[SourceDate "2006.10.21"]

1. e4 c5 2. Nf3 b6 3. d4 cxd4 4. Nxd4 Bb7 5. Nc3 a6 6. Bd3 g6 7. Be3 Bg7 8. O-O
d6 9. Nd5 Nd7 10. c4 Ngf6 11. Rc1 Nc5 12. f3 O-O 13. b4 Nxd3 14. Qxd3 Re8 15.
Rfd1 Rc8 16. Nb3 Nd7 17. Qe2 e6 18. Nc3 d5 19. cxd5 Bxc3 20. dxe6 Rxe6 21. Qd3
Bxb4 22. Qxd7 Qxd7 23. Rxd7 Rxc1+ 24. Nxc1 Bc6 25. Rd8+ Kg7 26. Bxb6 Bc3 27.
Ne2 Bf6 28. Bd4 Bb5 29. Bxf6+ Rxf6 30. Nd4 Bc4 31. a3 Rb6 32. Rc8 Rb1+ 33. Kf2
Rb2+ 34. Kg3 Bf1 35. Rc2 Rb1 36. Kf2 Bd3 37. Rc7 Rb2+ 38. Ke3 Bb5 39. Rc2 Rb1
40. h4 Ra1 41. Rc3 h5 42. g3 Ba4 43. Kf4 Rd1 44. Ke5 Be8 45. f4 f6+ 46. Kd5
Bf7+ 47. Kc5 Re1 48. Kb6 Rxe4 49. Nc6 Be8 50. Nb4 Re6+ 51. Ka5 Bb5 52. a4 Be2
53. Rc7+ Kf8 54. Rc6 Re3 55. Nxa6 Rxg3 56. Nc5 Rg4 57. Rxf6+ Kg7 58. Re6 Bf3
59. Rd6 Rxh4 60. Ne6+ Kh6 61. Rd8 g5 62. f5 1-0

[Event "2. Bundesliga West 2006/2007"]
[Site "Lustenau"]
[Date "2007.03.02"]
[Round "9.5"]
[White "Schoeppl, Engelbert"]
[Black "Burschowsky, Matthias"]
[Result "0-1"]
[WhiteElo "2153"]
[BlackElo "2132"]
[PlyCount "60"]
[EventDate "2006.10.21"]
[SourceDate "2006.10.21"]

1. Nf3 d5 2. d4 Nf6 3. c4 e6 4. Nc3 c6 5. e3 Bd6 6. Bd3 O-O 7. e4 dxe4 8. Nxe4
Bb4+ 9. Bd2 Bxd2+ 10. Qxd2 Nxe4 11. Bxe4 Nd7 12. O-O Nf6 13. Bc2 Qc7 14. c5 Rd8
15. Rad1 a5 16. Ne5 b6 17. Qc3 Ba6 18. Rfe1 Nd5 19. Qh3 h6 20. cxb6 Nxb6 21.
Re3 c5 22. Rf3 f5 23. Rc3 Nd7 24. Nxd7 Qxd7 25. Rxc5 Rac8 26. Rxc8 Rxc8 27. Bb3
a4 28. d5 axb3 29. Qxb3 Bc4 30. dxe6 Qxe6 0-1

[Event "2. Bundesliga West 2006/2007"]
[Site "Lustenau"]
[Date "2007.03.02"]
[Round "9.5"]
[White "Baldauf, Marco"]
[Black "Stoeckl, Norbert"]
[Result "1-0"]
[WhiteElo "2142"]
[BlackElo "2053"]
[PlyCount "71"]
[EventDate "2006.10.21"]
[SourceDate "2006.10.21"]

1. e4 c5 2. Nf3 e6 3. d4 cxd4 4. Nxd4 a6 5. Bd3 Nc6 6. Nxc6 dxc6 7. Nd2 Ne7 8.
f4 e5 9. f5 c5 10. a4 Nc6 11. Bc4 h5 12. c3 b6 13. Bd5 Qc7 14. Nc4 Rb8 15. O-O
f6 16. Ne3 Bb7 17. Rf3 Na5 18. Rh3 Bxd5 19. Nxd5 Qf7 20. Be3 Nc4 21. Qe2 Nxe3
22. Rxe3 c4 23. Kh1 Bc5 24. Rh3 b5 25. g4 h4 26. Qe1 g5 27. fxg6 Qxg6 28. Rf3
Rf8 29. Qxh4 Qxe4 30. Nxf6+ Rxf6 31. Qxf6 Qe2 32. Qf7+ Kd8 33. Qd5+ Ke8 34. Rd1
Bd4 35. Qe6+ Kd8 36. Rxd4+ 1-0

[Event "2. Bundesliga West 2006/2007"]
[Site "Lustenau"]
[Date "2007.03.02"]
[Round "9.6"]
[White "Lanka, Zigurds"]
[Black "Dobosz, Henryk"]
[Result "1-0"]
[WhiteElo "2497"]
[BlackElo "2406"]
[PlyCount "79"]
[EventDate "2006.10.21"]
[SourceDate "2006.10.21"]

1. e4 e5 2. Nf3 Nc6 3. Bb5 Bc5 4. c3 Qf6 5. d4 exd4 6. e5 Qg6 7. cxd4 Bb4+ 8.
Nc3 d5 9. O-O Nge7 10. Qb3 Bxc3 11. bxc3 O-O 12. Ba3 Rd8 13. Kh1 b6 14. Ne1 Bf5
15. f3 h5 16. g3 Na5 17. Qd1 c5 18. Ng2 Nc4 19. Bc1 Bc2 20. Qe1 cxd4 21. cxd4
a6 22. Nf4 Qf5 23. Bxc4 dxc4 24. Qf2 Bd3 25. Rg1 Nd5 26. g4 hxg4 27. Rxg4 Ne7
28. Be3 Qd7 29. Rag1 Nf5 30. Nh5 Kf8 31. Nxg7 Nxg7 32. Rxg7 Qe6 33. Rg8+ Ke7
34. Bg5+ Kd7 35. d5 Qxd5 36. Bxd8 Rxd8 37. e6+ Kxe6 38. Re1+ Kf5 39. Rg4 Rh8
40. Qe3 1-0

[Event "2. Bundesliga West 2006/2007"]
[Site "Lustenau"]
[Date "2007.03.02"]
[Round "9.6"]
[White "Eisenbeiser, Amadeus"]
[Black "Maiwald, Jens Uwe"]
[Result "0-1"]
[WhiteElo "2352"]
[BlackElo "2489"]
[PlyCount "54"]
[EventDate "2006.10.21"]
[SourceDate "2006.10.21"]

1. e4 d6 2. d4 g6 3. Nc3 c6 4. Nf3 Bg7 5. Be3 Nf6 6. h3 O-O 7. Bd3 Nbd7 8. O-O
e5 9. dxe5 dxe5 10. Nd2 Qe7 11. Nb3 Nh5 12. Qf3 b6 13. Ne2 Nf4 14. Nxf4 exf4
15. Bxf4 Bxb2 16. Rab1 Bg7 17. Qg3 Ne5 18. Bxe5 Qxe5 19. f4 Qc7 20. Nd2 Be6 21.
Bc4 Rad8 22. Bxe6 fxe6 23. Nb3 c5 24. e5 c4 25. Nc1 Bxe5 26. Ne2 Bg7 27. Qg4
Rd7 0-1

[Event "2. Bundesliga West 2006/2007"]
[Site "Lustenau"]
[Date "2007.03.02"]
[Round "9.6"]
[White "Gross, David"]
[Black "Gattenloehner, Sebastian"]
[Result "1-0"]
[WhiteElo "2471"]
[BlackElo "2210"]
[PlyCount "57"]
[EventDate "2006.10.21"]
[SourceDate "2006.10.21"]

1. e4 c5 2. Nf3 e6 3. d4 cxd4 4. Nxd4 a6 5. Bd3 Bc5 6. Nb3 Ba7 7. O-O Nc6 8.
Kh1 Nf6 9. Qe2 d6 10. f4 h5 11. Be3 Bxe3 12. Qxe3 e5 13. Nc3 Ng4 14. Qe1 exf4
15. Nd5 Nge5 16. Nxf4 h4 17. h3 Rh6 18. Be2 Kf8 19. c3 Kg8 20. Nd4 Ne7 21. Bd1
Bd7 22. Bb3 Rc8 23. Rd1 Qb6 24. Qf2 Qa5 25. Bxf7+ Nxf7 26. Nd5 Nxd5 27. Qxf7+
Kh8 28. Qxd7 Rd8 29. Qxb7 1-0

[Event "2. Bundesliga West 2006/2007"]
[Site "Lustenau"]
[Date "2007.03.02"]
[Round "9.6"]
[White "Scheffknecht, Philipp"]
[Black "Tabernig, Bernhard"]
[Result "0-1"]
[WhiteElo "2179"]
[BlackElo "2267"]
[PlyCount "110"]
[EventDate "2006.10.21"]
[SourceDate "2006.10.21"]

1. d4 d5 2. Nf3 c6 3. c4 Nf6 4. Nc3 dxc4 5. e4 b5 6. e5 Nd5 7. a4 e6 8. axb5
Nxc3 9. bxc3 cxb5 10. Ng5 Qd7 11. Qh5 h6 12. Be2 Bb7 13. Bf3 Nc6 14. O-O Nd8
15. Ne4 a5 16. g4 Be7 17. g5 g6 18. Qh3 h5 19. Rd1 Bd5 20. Ba3 Qc6 21. Bxe7
Kxe7 22. Qh4 Nb7 23. Qf4 Rh7 24. Rdb1 a4 25. Nf6 Bxf3 26. Nxh7 Nd8 27. Nf6 Bh1
28. d5 Bxd5 29. Nxd5+ exd5 30. Rd1 Ra7 31. Rab1 Ne6 32. Qf6+ Ke8 33. Qh8+ Kd7
34. Qf6 Kc8 35. Qf3 Rd7 36. Qe3 Kb7 37. Rd2 Ka6 38. f4 Qc5 39. Kf2 d4 40. cxd4
Rxd4 41. Rxd4 Qxd4 42. Qxd4 Nxd4 43. Ke3 Ne6 44. h4 Ka5 45. Ke4 b4 46. f5 gxf5+
47. Kxf5 c3 48. g6 fxg6+ 49. Kxe6 c2 50. Re1 b3 51. Kf7 b2 52. e6 c1=Q 53. Re5+
Kb6 54. e7 Qf4+ 55. Ke6 Qxe5+ 0-1

[Event "2. Bundesliga West 2006/2007"]
[Site "Lustenau"]
[Date "2007.03.02"]
[Round "9.6"]
[White "Schiestl, Josef"]
[Black "Kranz, Armin"]
[Result "1/2-1/2"]
[WhiteElo "2144"]
[BlackElo "2163"]
[PlyCount "44"]
[EventDate "2006.10.21"]
[SourceDate "2006.10.21"]

1. e4 e5 2. Bc4 Nf6 3. d3 Nc6 4. Nf3 h6 5. c3 d6 6. Nbd2 g6 7. O-O Bg7 8. Re1
O-O 9. Bb3 Kh8 10. Nf1 Bd7 11. Ng3 Qe8 12. h3 Rd8 13. Be3 Be6 14. Qe2 Qd7 15.
Rad1 Bxb3 16. axb3 d5 17. Bc1 Rfe8 18. b4 a6 19. Nh2 d4 20. Ng4 Ng8 21. Nh2 Nf6
22. Ng4 Ng8 1/2-1/2

[Event "2. Bundesliga West 2006/2007"]
[Site "Lustenau"]
[Date "2007.03.02"]
[Round "9.6"]
[White "Wallis, Anton"]
[Black "Kroell, Johannes"]
[Result "1-0"]
[WhiteElo "2161"]
[BlackElo "2176"]
[PlyCount "93"]
[EventDate "2006.10.21"]
[SourceDate "2006.10.21"]

1. e4 g6 2. d4 Bg7 3. Nc3 d6 4. f4 Nd7 5. Nf3 e6 6. Be2 Ne7 7. O-O O-O 8. a4 a6
9. Be3 b6 10. Bd3 c5 11. Qd2 Qc7 12. Qf2 c4 13. Be2 Bb7 14. Nd2 d5 15. e5 Bc6
16. Bg4 b5 17. Bh3 h5 18. g4 hxg4 19. Bxg4 Nf5 20. Bxf5 exf5 21. Nf3 Bh6 22.
Qg3 b4 23. Ne2 Rfe8 24. Kf2 Qd8 25. h4 Qe7 26. Ng5 Kg7 27. Rg1 Rh8 28. Rg2 a5
29. Ng1 Bxg5 30. fxg5 Rh7 31. Ne2 Rah8 32. Rh2 Nf8 33. b3 Ne6 34. Rah1 Bb7 35.
Kg1 Rh5 36. Qf3 R5h7 37. Ng3 f4 38. Bxf4 Nxd4 39. Qf2 Ne6 40. h5 Nxg5 41. e6
Nxe6 42. Be5+ f6 43. hxg6 Rxh2 44. Nf5+ Kf8 45. Rxh2 Rxh2 46. Qxh2 Qc5+ 47. Bd4
1-0

[Event "2. Bundesliga West 2006/2007"]
[Site "Lustenau"]
[Date "2007.03.03"]
[Round "10.1"]
[White "Bromberger, Stefan"]
[Black "Dobosz, Henryk"]
[Result "1-0"]
[WhiteElo "2415"]
[BlackElo "2406"]
[PlyCount "57"]
[EventDate "2006.10.21"]
[SourceDate "2006.10.21"]

1. e4 e5 2. Nf3 Nc6 3. d4 exd4 4. Nxd4 Bc5 5. Be3 Qf6 6. c3 Nge7 7. g3 d6 8.
Bg2 Bd7 9. O-O Bb6 10. a4 O-O 11. Na3 Qg6 12. Nc4 f5 13. e5 Nxe5 14. Nxe5 dxe5
15. Nf3 Qd6 16. Nxe5 Qxe5 17. Re1 Bxa4 18. Qxa4 Qf6 19. Bxb6 cxb6 20. Bxb7 Rab8
21. Qxa7 f4 22. Rxe7 fxg3 23. fxg3 Qf2+ 24. Kh1 Rbd8 25. Bd5+ Kh8 26. Rxg7 Qf5
27. c4 Qh3 28. Rf7 Rfe8 29. Qxb6 1-0

[Event "2. Bundesliga West 2006/2007"]
[Site "Lustenau"]
[Date "2007.03.03"]
[Round "10.1"]
[White "Eisenbeiser, Amadeus"]
[Black "Heinzel, Olaf"]
[Result "1/2-1/2"]
[WhiteElo "2264"]
[BlackElo "2376"]
[PlyCount "41"]
[EventDate "2006.10.21"]
[SourceDate "2006.10.21"]

1. e4 d5 2. exd5 Qxd5 3. Nc3 Qa5 4. d4 Nf6 5. Bc4 c6 6. Nf3 Bf5 7. Bd2 e6 8.
Nd5 Qd8 9. Nxf6+ gxf6 10. Qe2 Bxc2 11. O-O Be7 12. Rfe1 Qd7 13. a3 Bg6 14. Bh6
b5 15. Ba2 Na6 16. Nd2 Nc7 17. Nf1 Bf8 18. Bd2 Be7 19. Bh6 Bf8 20. Bd2 Be7 21.
Bh6 1/2-1/2